| 000 | 00853nam a2200241 a 4500 | ||
|---|---|---|---|
| 001 | 000043618 | ||
| 003 | DO-SdBNP | ||
| 005 | 20250318151301.0 | ||
| 008 | 140331s1970 sp 000 0 spa d | ||
| 040 |
_aDO-SdBNP _bspa _cBNPHU |
||
| 082 |
_a980 _bN964m |
||
| 100 | 1 |
_aNuñez Cabeza de Vaca, Álvar _d1488/90-1557/58 _971436 |
|
| 245 | 1 | 0 |
_aNaufragios y comentarios / _cÁlvar Núñez Cabeza de Vaca; prólogo Justo García Morales. |
| 260 |
_aMadrid : _bLibra, _c1970. |
||
| 300 |
_a191 p. ; _c17 cm. |
||
| 490 | 1 |
_aPurpura _v12 |
|
| 650 | 4 |
_aIndigenas de américa del norte _945643 |
|
| 651 | 4 |
_aAmérica -- _xDescubrimiento y exploración -- _xEspañoles _9544 _vEnsayo, conferencias, etc. |
|
| 651 | 4 |
_aArgentina _xHistoria _y1535-1617 _945644 |
|
| 700 | 1 | 2 |
_aGarcía Morales, Justo _eprol. _932285 |
| 830 | 0 |
_aPurpura _n12 _971437 |
|
| 942 |
_2ddc _cLBS1 |
||
| 999 |
_c43107 _d43107 |
||